02144nam a22003615i 4500999001700000003000900017005001700026008004100043020001800084040004300102041001300145082002400158100002900182245013200211246003600343246003800379250004100417250003400458264004700492264004800539300005100587336002600638337002800664338002700692490011800719520057100837546003301408650007001441650006701511653002701578942001201605952016501617 c29025d28996EG-ScBUE20201112144543.0200219s2012 cc ab f b 000 0 chi d a9787301046784 aEG-ScBUEbengerdacEG-ScBUEdEG-ScBUE0 achiaeng04a495.182421bGUA2221 aGuan, Daoxiong,eauthor.10a基礎實用商務漢語 =bJi chu shi yong shang wu han yu /c關道雄 = A practical business Chinese reader / Daoxiong Guan.31aJi chu shi yong shang wu han yu31aPractical business Chinese reader a第7版 =bSeven edition = Di 7 ban. a修订版 =bRevised edition. 1aBeijing :bPeking University Press,c2012. 1a北京 :b北京 大學 出版社,c2012. axii, 311 pages :billustrations, map ;c24 cm. atextbtxt2rdacontent aunmediatedbn2rdamedia avolumebnc2rdacarrier0 a对外 汉语 敎材 系列 =aDui wai Han yu jiao cai xi lie =aChinese as a foreign language textbook series aSimplified Characters edition. This text book aims to teach business Chinese fluency through typical business activities and business-related social events in the real business world. The course follows the interactions of an American business delegation in China, providing a fun and informative framework for adult learners. Designed for those who have completed at least one year to one and a half years of Chinese study at the college level and have gained a good knowledge of basic grammar in modern Chinese as well as around a 1,000-word vocabulary in Chinese. aText in Chinese and English. 7aChinese languagevTextbooks for foreign speakersxEnglish.2BUEsh 7aChinese languagexStudy and teachingxForeign speakers.2BUEsh bHHUUCCHHcNovember2020 2ddccBB 00102ddc40708BaccahaMAINbMAINc2NDd2020-11-12ePurchaseg440.00l1m1o495.182421 GUAp000050074r2025-07-15 00:00:00s2022-09-18v550.00w2020-11-12yBB